Ensayos sobre planificación regional del desarrollo (Record no. 6900)
[ view plain ]
| 000 -CABECERA | |
|---|---|
| campo de control de longitud fija | 00624cam a22001932a 4500 |
| 001 - NÚMERO DE CONTROL | |
| campo de control | 001061 |
| 003 - IDENTIFICADOR DEL NÚMERO DE CONTROL | |
| campo de control | AR-FADEU |
| 008 - DATOS DE LONGITUD FIJA--INFORMACIÓN GENERAL | |
| campo de control de longitud fija | 311216n1976####xxu####################dd |
| 092 ## - ASIGNACIÓN LOCAL DE SIGNATURA TOPOGRÁFICA DEWEY (OCLC) | |
| Número de clasificación | 338.9 |
| Número de documento/Ítem | I59 |
| 110 ## - ENTRADA PRINCIPAL--NOMBRE DE ENTIDAD CORPORATIVA | |
| Nombre de entidad corporativa o nombre de jurisdicción como elemento de entrada | Instituto latinoamericano de planificación económica y social |
| 110 ## - ENTRADA PRINCIPAL--NOMBRE DE ENTIDAD CORPORATIVA | |
| Nombre de entidad corporativa o nombre de jurisdicción como elemento de entrada | División de desarrollo social de las Naciones Unidas |
| 245 ## - MENCIÓN DE TÍTULO | |
| Título | Ensayos sobre planificación regional del desarrollo |
| 260 ## - PUBLICACIÓN, DISTRIBUCIÓN, ETC. (PIE DE IMPRENTA) | |
| Lugar de publicación, distribución, etc. | México |
| 260 ## - PUBLICACIÓN, DISTRIBUCIÓN, ETC. (PIE DE IMPRENTA) | |
| Nombre del editor, distribuidor, etc. | Siglo Veintiuno |
| 260 ## - PUBLICACIÓN, DISTRIBUCIÓN, ETC. (PIE DE IMPRENTA) | |
| Fecha de publicación, distribución, etc. | 1976 |
| 300 ## - DESCRIPCIÓN FÍSICA | |
| Extensión | 567 p |
| 650 ## - PUNTO DE ACCESO ADICIONAL DE MATERIA--TÉRMINO DE MATERIA | |
| Término de materia o nombre geográfico como elemento inicial | AMERICA LATINA-PLANIFICACION REGINAL; DESARROLLO REGIONAL; URBANIZACION-INDUSTRIALIZACION |
| 942 ## - ELEMENTOS DE PUNTO DE ACCESO ADICIONAL (KOHA) | |
| Tipo de ítem Koha | BDGR |
| Estado de retiro | Estado de pérdida | Estado dañado | No para préstamo | Localización permanente | Ubicación/localización actual | Fecha de adquisición | Número de inventario | Total de préstamos | Signatura topográfica completa | Código de barras | Fecha visto por última vez | Precio válido a partir de | Tipo de ítem Koha |
|---|---|---|---|---|---|---|---|---|---|---|---|---|---|
| Biblioteca Ernesto Sabato - FADECS - UNCOMA | Biblioteca Ernesto Sabato - FADECS - UNCOMA | 20/02/2017 | 10738 | 338.9 I59 | 10738 | 20/02/2017 | 20/02/2017 | BDGR |